000 00520nam a2200181 i 4500
001 189534
003 ES-MaACL
005 20230906223508.0
008 190607r20142010ne |||| | eng d
245 0 0 _aAnthology.
_nI
_b: Zen River.
260 _a[Holanda :
_bZen River],
_c2014.
300 _a178 p. ;
_c30 cm.
595 _a1st printing, Oct. 2010.
610 2 4 _aZen River.
_9159217
650 0 4 _aBudismo Zen.
_910639
650 4 _aMeditación-
_xBudismo.
_9155108
852 _aES-MaACL
_jL-32431
_z- Enc. canutillo
999 _c189534
_d189534